00592nam a22002057a 450000500170000001000130001702000100003003500130004003700160005304000120006908200180008110000160009924500590011526000480017427000450022230000200026750000520028765000230033965000240036220170124110035.0 aA-245058 c00.00 aA-245058 bCen Lib/Ret aDPLbEN a335.0954bSIN aSingh, Usha aEconomic thought of Indian socialists /cby Usha Singh aNew DelhibDeep and Deep Publicationsc1985 bNew DelhiaF-159, Rajouri Gardene110027 a260p.c22cm(Hb) aIncludes bibliographical references and index  aSocialism -- India aSocialists -- India